Music Quiz

Random Music or Artist Quiz
Score 0/24 Timer 06:00
12 Plays Today
% Correct
Michael Jackson
98.7%
Elton John
96.6%
Justin Bieber
95.7%
Bruno Mars
87.3%
Jay Z
87%
John Legend
77.9%
Louis Armstrong
71.5%
The Notorious B.I.G.
70.4%
Macklemore
61.7%
Barry Manilow
61.3%
Tony Bennett
60.4%
John Denver
59.2%
% Correct
Blake Shelton
56.3%
Kenny Rogers
55.3%
Bing Crosby
50.6%
Eric Clapton
47.8%
Nelly
45.3%
Kenny Chesney
44%
Chuck Berry
42.2%
Jason Mraz
28.8%
Andrea Bocelli
27.3%
Ja Rule
22.7%
Joe Cocker
16.3%
Miguel Pimentel
11.2%
Remove Ads.
Support Sporcle.
Get the best of Sporcle when you Go Orange. This ad-free experience offers more features, more stats, and more fun while also helping to support Sporcle. Thank you for becoming a member.

You're not logged in!

Compare scores with friends on all Sporcle quizzes.
OR
Log In

Show Comments

Extras

Top Quizzes Today


Score Distribution

Your Account Isn't Verified!

In order to create a playlist on Sporcle, you need to verify the email address you used during registration. Go to your Sporcle Settings to finish the process.

Report this User

Report this user for behavior that violates our Community Guidelines.

Details: